[Event "Cologne Longerich op-B 12th"]
[Site "Cologne"]
[Date "2013.07.22"]
[Round "5"]
[White "Schroeter, Ron"]
[Black "Plitt, Stefan"]
[Result "0-1"]
[WhiteElo "1452"]
[BlackElo "1664"]
[PlyCount "72"]
[EventDate "2013.07.19"]
[EventType "tourn"]
[EventRounds "5"]
[EventCountry "GER"]
[SourceTitle "EXT 2017"]
[Source "ChessBase"]
[SourceDate "2016.10.25"]
[SourceVersion "1"]
[SourceVersionDate "2016.10.25"]
[SourceQuality "1"]

1. e4 d5 2. exd5 Nf6 3. d4 Bg4 4. Be2 Bxe2 5. Nxe2 Qxd5 6. Nbc3 Qd7 7. Bf4 e6 8. 0-0 Bd6 9. Bg5 Be7 10. Ng3 h6 11. Bxf6 Bxf6 12. Nce2 Nc6 13. c3 0-0-0 14. Ne4 Be7 15. Nc5 Bxc5 16. dxc5 Qd2 17. Qxd2 Rxd2 18. Nf4 Rxb2 19. Rfd1 Rd8 20. Rxd8+ Kxd8 21. Kf1 Ne5 22. h3 Rb5 23. Rd1+ Ke7 24. Nd3 Nxd3 25. Rxd3 Rxc5 26. Rg3 g6 27. Re3 Ra5 28. Re2 Rd5 29. f3 Kd6 30. Rb2 b5 31. Ke2 Kc5 32. c4 Re5+ 33. Kd2 b4 34. Rb3 Kxc4 35. Rd3 Rd5 36. Rxd5 Kxd5 0-1

[Event "Cologne Longerich op-B 12th"]
[Site "Cologne"]
[Date "2013.07.20"]
[Round "2"]
[White "Sewald, Richard"]
[Black "Schroeter, Ron"]
[Result "1-0"]
[WhiteElo "1301"]
[BlackElo "1452"]
[PlyCount "101"]
[EventDate "2013.07.19"]
[EventType "tourn"]
[EventRounds "5"]
[EventCountry "GER"]
[SourceTitle "EXT 2017"]
[Source "ChessBase"]
[SourceDate "2016.10.25"]
[SourceVersion "1"]
[SourceVersionDate "2016.10.25"]
[SourceQuality "1"]

1. e4 e5 2. Nf3 Nc6 3. Bc4 Bc5 4. c3 d6 5. d4 exd4 6. cxd4 Bb4+ 7. Bd2 Bxd2+ 8. Nbxd2 Bg4 9. Bb5 Nf6 10. Bxc6+ bxc6 11. h3 Bh5 12. 0-0 0-0 13. Rc1 Qe8 14. e5 Nd5 15. exd6 cxd6 16. Qa4 Rb8 17. Qxc6 Qxc6 18. Rxc6 Rxb2 19. Rxd6 Nc3 20. Ra6 Rxa2 21. Rxa2 Nxa2 22. Ra1 Nc3 23. Rxa7 Rd8 24. Rc7 Nb5 25. Rc5 Bxf3 26. Nxf3 Nd6 27. Rd5 Nb7 28. Rxd8+ Nxd8 29. Kf1 Kf8 30. Ke2 Ke7 31. Kd3 f6 32. Nd2 Ne6 33. g3 Kd6 34. Nc4+ Kd7 35. Ne3 h5 36. h4 g5 37. Ke4 gxh4 38. gxh4 Ke7 39. Nd5+ Kf7 40. Nf4 Nxf4 41. Kxf4 Ke6 42. d5+ Kxd5 43. Kf5 Kd6 44. Kxf6 Kd7 45. Kg5 Ke8 46. Kxh5 Kf8 47. Kg6 Kg8 48. f4 Kh8 49. f5 Kg8 50. f6 Kh8 51. h5 1-0

[Event "Cologne Longerich op 09th"]
[Site "Cologne"]
[Date "2012.08.04"]
[Round "2"]
[White "Schroeter, Ron"]
[Black "Hoffmann, Michael"]
[Result "0-1"]
[WhiteElo "1469"]
[BlackElo "1651"]
[PlyCount "56"]
[EventDate "2012.08.03"]
[EventType "tourn"]
[EventRounds "5"]
[EventCountry "GER"]
[SourceTitle "EXT 2017"]
[Source "ChessBase"]
[SourceDate "2016.10.25"]
[SourceVersion "1"]
[SourceVersionDate "2016.10.25"]
[SourceQuality "1"]

1. e4 c6 2. d4 d5 3. e5 Bf5 4. Bd3 Bxd3 5. Qxd3 e6 6. Nf3 Qa5+ 7. Bd2 Qa6 8. Qxa6 Nxa6 9. a3 Ne7 10. Nc3 Nc8 11. h4 Nb6 12. b3 Nc7 13. h5 h6 14. Nh4 c5 15. dxc5 Bxc5 16. f4 Be7 17. g4 Nd7 18. Ke2 0-0-0 19. f5 Nxe5 20. Bf4 Nc6 21. Bxc7 Kxc7 22. fxe6 d4 23. Ne4 Bf6 24. exf7 Rd7 25. f8Q Rxf8 26. Nc5 Re8+ 27. Kd2 Rde7 28. Rhe1 Bg5+ 0-1

[Event "GER-chT U12"]
[Site "Arendsee"]
[Date "2011.12.27"]
[Round "1.1"]
[White "Schroeter, Ron"]
[Black "Tepper, Oliver"]
[Result "1-0"]
[WhiteElo "1491"]
[BlackElo "1098"]
[PlyCount "115"]
[EventDate "2011.12.27"]
[EventType "team-swiss"]
[EventRounds "7"]
[EventCountry "GER"]
[SourceTitle "EXT 2022"]
[Source "ChessBase"]
[SourceDate "2021.10.06"]
[SourceVersion "1"]
[SourceVersionDate "2021.10.06"]
[SourceQuality "1"]
[WhiteTeam "Porz SG U12"]
[BlackTeam "Lambsheim U12"]
[WhiteTeamCountry "GER"]
[BlackTeamCountry "GER"]

1. e4 e5 2. Nf3 Nc6 3. d4 exd4 4. Nxd4 Bc5 5. Nxc6 bxc6 6. Bc4 d6 7. 0-0 Nf6 8. Bg5 0-0 9. Nc3 Qe7 10. a3 a5 11. Qf3 Bd4 12. Rae1 Be6 13. Bxe6 Qxe6 14. Bxf6 Bxf6 15. Qf5 Qxf5 16. exf5 Rab8 17. Rb1 Rfe8 18. Rfd1 Kf8 19. f3 Bxc3 20. bxc3 Rxb1 21. Rxb1 Re2 22. Rb8+ Ke7 23. Rc8 Kd7 24. Rg8 g6 25. fxg6 hxg6 26. Ra8 Rxc2 27. Rxa5 Rxc3 28. Ra8 Rd3 29. a4 c5 30. a5 c4 31. a6 c3 32. a7 c2 33. Rd8+ Kxd8 34. a8Q+ Ke7 35. Qe4+ Kd8 36. Qh4+ Kc8 37. Qh8+ Kd7 38. Qh3+ Ke8 39. Qc8+ Ke7 40. Qxc7+ Ke6 41. Qxc2 Rd5 42. Qe4+ Re5 43. Qg4+ Rf5 44. Kf2 Ke5 45. Ke3 Ke6 46. h4 Kf6 47. Qd4+ Re5+ 48. Kf4 Ke6 49. Qc4+ Rd5 50. g4 f6 51. Qe4+ Re5 52. Qxg6 Ke7 53. h5 Ke6 54. h6 Ke7 55. h7 Ke6 56. h8Q Kd5 57. Qd3+ Ke6 58. Qe8# 1-0

[Event "Cologne Longerich op 8th"]
[Site "Cologne"]
[Date "2011.08.12"]
[Round "1"]
[White "Schroeter, Ron"]
[Black "Statz, Samuel"]
[Result "1-0"]
[WhiteElo "1479"]
[BlackElo "995"]
[PlyCount "51"]
[EventDate "2011.08.12"]
[EventType "swiss"]
[EventRounds "5"]
[EventCountry "GER"]
[SourceTitle "CBM 144 Extra"]
[Source "ChessBase"]
[SourceDate "2011.10.28"]
[SourceVersion "1"]
[SourceVersionDate "2011.10.28"]
[SourceQuality "1"]

1. e4 e5 2. Nf3 Nc6 3. d4 exd4 4. Nxd4 Nf6 5. Nxc6 bxc6 6. e5 Ne4 7. Qf3 Ng5 8. Qh5 h6 9. Bd3 d6 10. Nc3 d5 11. 0-0 Be7 12. f4 g6 13. Bxg6 fxg6 14. Qxg6+ Nf7 15. e6 Rf8 16. exf7+ Rxf7 17. f5 Bg5 18. Bxg5 Qxg5 19. Qxc6+ Ke7 20. Rae1+ Kf8 21. Re8+ Kg7 22. Qxa8 Ba6 23. Rg8+ Kf6 24. Qd8+ Ke5 25. Qxd5+ Kf6 26. Qe6# 1-0

[Event "GER-ch U10"]
[Site "Oberhof"]
[Date "2011.06.15"]
[Round "7"]
[White "Ratay, Meike"]
[Black "Schroeter, Ron"]
[Result "0-1"]
[WhiteElo "1087"]
[BlackElo "1291"]
[PlyCount "66"]
[EventDate "2011.06.11"]
[EventType "swiss"]
[EventRounds "11"]
[EventCountry "GER"]
[SourceTitle "CBM 142 Extra"]
[Source "ChessBase"]
[SourceDate "2011.06.27"]
[SourceVersion "1"]
[SourceVersionDate "2011.06.27"]
[SourceQuality "1"]

1. Nc3 d5 2. e4 d4 3. Nce2 e5 4. Ng3 c5 5. Bc4 Nf6 6. d3 Nc6 7. a3 b5 8. Bxb5 Qa5+ 9. Bd2 Qxb5 10. Bc1 Bd6 11. N1e2 0-0 12. 0-0 Be6 13. c4 Qb7 14. Rb1 Qd7 15. f4 exf4 16. Bxf4 Bxf4 17. Nxf4 Ng4 18. Nxe6 Qxe6 19. Nf5 Ne3 20. Nxe3 dxe3 21. Rf3 Qe5 22. Rxe3 Qd4 23. Qe2 f5 24. Kh1 Rae8 25. Re1 fxe4 26. Rxe4 Rxe4 27. Qxe4 Qf2 28. h3 Nd4 29. Kh2 Nf3+ 30. Kh1 Qxe1+ 31. Qxe1 Nxe1 32. Kh2 Nxd3 33. b3 Rb8 0-1

[Event "GER-ch U10"]
[Site "Oberhof"]
[Date "2011.06.13"]
[Round "3"]
[White "Sahki, Saphir"]
[Black "Schroeter, Ron"]
[Result "1-0"]
[WhiteElo "1597"]
[BlackElo "1291"]
[PlyCount "89"]
[EventDate "2011.06.11"]
[EventType "swiss"]
[EventRounds "11"]
[EventCountry "GER"]
[SourceTitle "CBM 142 Extra"]
[Source "ChessBase"]
[SourceDate "2011.06.27"]
[SourceVersion "1"]
[SourceVersionDate "2011.06.27"]
[SourceQuality "1"]

1. e4 e5 2. Nf3 Nc6 3. Bb5 a6 4. Ba4 b5 5. Bb3 Bc5 6. Bd5 Nf6 7. Bxc6 dxc6 8. d3 0-0 9. 0-0 Bg4 10. Bg5 h6 11. Bh4 g5 12. Bg3 Re8 13. Nbd2 Nh5 14. Kh1 Qf6 15. Qe1 Nxg3+ 16. fxg3 Qe6 17. Nb3 Bb6 18. Qd2 Rad8 19. Rad1 c5 20. Qe2 c4 21. dxc4 Qxc4 22. Qxc4 bxc4 23. Nbd2 f5 24. Rfe1 Bf2 25. Re2 fxe4 26. Rxe4 Bf5 27. Re2 e4 28. Rxf2 exf3 29. gxf3 Bxc2 30. Rc1 Bf5 31. Rxc4 Bh3 32. Re4 Rf8 33. Re3 g4 34. f4 Rfe8 35. Ree2 Rxe2 36. Rxe2 Bf1 37. Nxf1 Rd1 38. Kg2 Kf7 39. Rd2 Rc1 40. Ne3 Rb1 41. Nxg4 h5 42. Ne5+ Ke6 43. b3 Ra1 44. Kh3 a5 45. Kh4 1-0

[Event "GER-ch U10"]
[Site "Oberhof"]
[Date "2011.06.12"]
[Round "2"]
[White "Schroeter, Ron"]
[Black "Koelz, Niklas"]
[Result "1/2-1/2"]
[WhiteElo "1291"]
[BlackElo "1479"]
[PlyCount "60"]
[EventDate "2011.06.11"]
[EventType "swiss"]
[EventRounds "11"]
[EventCountry "GER"]
[SourceTitle "CBM 142 Extra"]
[Source "ChessBase"]
[SourceDate "2011.06.27"]
[SourceVersion "1"]
[SourceVersionDate "2011.06.27"]
[SourceQuality "1"]

1. e4 c5 2. Nf3 e6 3. d4 cxd4 4. Nxd4 a6 5. Nc3 Qc7 6. Bd3 Nf6 7. 0-0 d6 8. Re1 Nbd7 9. f4 Be7 10. f5 Ne5 11. fxe6 fxe6 12. Be2 0-0 13. Kh1 d5 14. exd5 exd5 15. h3 Bc5 16. Bf4 Bxd4 17. Qxd4 Nc6 18. Nxd5 Nxd5 19. Qxd5+ Qf7 20. Qxf7+ Kxf7 21. Bc4+ Kg6 22. Rf1 Bf5 23. c3 Rad8 24. Rf3 h6 25. Rg3+ Kh7 26. Re1 Bxh3 27. Bc7 Rd7 28. Rxh3 Rxc7 29. Bd3+ Kh8 30. Rf3 Rcc8 1/2-1/2